Die wichtigsten Teile des menschlichen Herzens - Statistiken

Allgemein
  • Dieses Quiz wurde 37 mal gespielt
  • Das Durchschnittsergebnis liegt bei 4 aus 12
Antwortstatistiken
Antworten % Korrekt
Aorta
75%
Herzklappe
56%
Linke Herzkammer
47%
Rechte Herzkammer
47%
Linker Vorhof
33%
Rechter Vorhof
33%
Herzmuskel
31%
Lungenarterie
17%
Lungenvene
17%
Herzbeutel
14%
Hohlvene
11%
Herzspitze
0%
Keine übereinstimmenden Quizze gefunden
Verteilung der Resultate
Anzahl Personen mit jedem Resultat
Perzentil nach korrekt beantworteten Fragen
Ihre Resultats-Entwicklung
Sie haben dieses Quiz noch nicht gespielt